Romance quarterly

Detalles Bibliográficos
Título anterior:Kentucky romance quarterly
Formato: Electrónico Revista
Lenguaje:inglés
Publicado: [Lexington, KY] : [University Press of Kentucky]
[Washington, DC] : Heldref Publications
[Philadelphia, PA] : Taylor & Francis
Materias:
Acceso en línea:Full text available from Research Library: 10/01/1997 to 10/31/2010

MARC

LEADER 00000nas a2200000 a 4500
001 ssj0012683
003 WaSeSS
005 20200512172242.0
006 m d
007 cr n
008 011209c19869999pauqr p s 0 a0eng c
010 |a  2007215279 
015 |a GBB5H0123  |2 bnb 
016 7 |a 016006588  |2 Uk 
022 |a 1940-3216  |l 0883-1157  |y 0883-1157 
035 |a (WaSeSS)ssj0012683 
037 |b Routledge, 325 Chestnut St, Ste 800, Philadelphia, PA 19106 United States 
040 |a HNK  |b eng  |e pn  |c HNK  |d OCLCQ  |d NSD  |d BUF  |d OCLCQ  |d TXA  |d UKMGB  |d OCLCQ  |d BUF  |d OCLCF  |d OCLCO  |d DLC  |d OCLCQ  |d NLE  |d AU@  |d DLC  |d WaSeSS 
042 |a pcc  |a nsdp 
050 0 0 |a P1 
082 1 0 |a 840  |2 14 
130 0 |a Romance quarterly (Online) 
222 0 |a Romance quarterly  |b (Online) 
245 1 0 |a Romance quarterly  |h [electronic resource]. 
260 |a [Lexington, KY] :  |b [University Press of Kentucky] 
260 2 |3 <2007>-2009 :  |a [Washington, DC] :  |b Heldref Publications 
260 3 |3 2010- :  |a [Philadelphia, PA] :  |b Taylor & Francis 
310 |a Quarterly 
362 1 |a Print began with vol. 33, no. 1 (Feb. 1986). 
506 |a License restrictions may limit access. 
538 |a Mode of access: World Wide Web. 
588 |a Description based on: Vol. 44, no. 4 (winter 1997); title from PDF article running title (MetaPress, viewed Apr. 22, 2011). 
588 |a Latest issue consulted: Vol. 66, no. 1 (2019) (Taylor & Francis website, viewed May 11, 2019). 
650 0 |a Romance philology  |v Periodicals. 
650 7 |a Romance philology.  |2 fast  |0 (OCoLC)fst01099881 
655 0 |a Electronic journals. 
776 0 8 |i Print version:  |t Romance quarterly  |x 0883-1157  |w (DLC) 86643419  |w (OCoLC)12066070 
780 0 0 |t Kentucky romance quarterly  |x 2378-7627  |w (DLC) 2015201171  |w (OCoLC)642429492 
850 |a DLC 
856 4 0 |z Full text available from Research Library: 10/01/1997 to 10/31/2010  |u https://search.proquest.com/publication/6083